000 00202nam a2200085 4500
001 1258344
005 20260308100549.0
245 _aBİLİMİN ÖNCÜLERİ RAZİ
_cSÜHEYLA SANCAR
260 _bERDEM YAYINLARI
999 _c1258344
_d1258344